Theory of computer science (Record no. 824343)

MARC details
000 -LEADER
fixed length control field 00547nam a2200229Ia 4500
008 - FIXED-LENGTH DATA ELEMENTS--GENERAL INFORMATION
fixed length control field 101110s9999 xx 000 0 und d
041 ## - LANGUAGE CODE
Language code of text/sound track or separate title ENGLISH
082 ## - DEWEY DECIMAL CLASSIFICATION NUMBER
Item number SR31841
100 ## - MAIN ENTRY--PERSONAL NAME
Personal name Jha Manish Kumar
245 ## - TITLE STATEMENT
Title Theory of computer science
260 ## - PUBLICATION, DISTRIBUTION, ETC. (IMPRINT)
Name of publisher, distributor, etc Asian books pvt.Ltd;New Delhi
260 ## - PUBLICATION, DISTRIBUTION, ETC. (IMPRINT)
Date of publication, distribution, etc 2008
300 ## - PHYSICAL DESCRIPTION
Extent 519
365 ## - TRADE PRICE
Price amount 260
520 ## - SUMMARY, ETC.
Summary, etc Computer
546 ## - LANGUAGE NOTE
Language note ENGLISH
630 ## - SUBJECT ADDED ENTRY--UNIFORM TITLE
Uniform title Theory of computer science
650 ## - SUBJECT ADDED ENTRY--TOPICAL TERM
Topical term or geographic name as entry element Computer
655 ## - INDEX TERM--GENRE/FORM
Genre/form data or focus term Computer
730 ## - ADDED ENTRY--UNIFORM TITLE
Uniform title Theory of computer science
942 ## - ADDED ENTRY ELEMENTS (KOHA)
Koha item type Book
Holdings
Withdrawn status Lost status Damaged status Not for loan Home library Current library Shelving location Date acquired Source of acquisition Cost, normal purchase price Shelving control number Total Checkouts Barcode Date last seen Price effective from Koha item type
        D. B. J. College, Chiplun D. B. J. College, Chiplun     Shri Ganesh book services,Mumbai,Invoice no.648,dt. 260.00     DBJSR31841 11/11/2010 11/11/2010 Book